[Event "Challenge"]
[Site "http://www.queenalice.com/game.php?id=1007988"]
[Date "2011.11.13"]
[Round "-"]
[White "cyrano"]
[Black "johndavidtelker"]
[Result "1-0"]
[WhiteElo "1686"]
[BlackElo "1818"]

1. e4 c6 2. d4 d5 3. f3 dxe4 4. fxe4 e6 5. e5 Ne7 6. c4 Ng6 7. g3 Be7 8. Nf3 Nd7
9. a3 Qc7 10. b4 b6 11. h4 Bb7 12. h5 Ngf8 13. Bd3 O-O-O 14. Nc3 h6 15. Qa4 Kb8
16. b5 c5 17. Be4 Bxe4 18. Nxe4 cxd4 19. Bf4 Nc5 20. Nxc5 Bxc5 21. Rd1 Rd7 22.
O-O Nh7 23. Rd3 Rhd8 24. Rfd1 Qb7 25. Kf1 Ka8 26. Qc2 Qe4 27. Qe2 Qf5 28. Qg2
Ng5 29. Nxd4+ 1-0

[Event "Challenge"]
[Site "http://www.queenalice.com/game.php?id=1008016"]
[Date "2011.11.13"]
[Round "-"]
[White "johndavidtelker"]
[Black "leoskye"]
[Result "0-1"]
[WhiteElo "1860"]
[BlackElo "1908"]

1. d4 Nf6 2. c4 c5 3. d5 e6 4. dxe6 fxe6 5. Bg5 Be7 6. Nf3 d5 7. cxd5 exd5 8. e3
O-O 9. Nc3 Be6 10. Be2 Nbd7 11. O-O h6 12. Bf4 a6 13. h3 b5 14. a3 Qb6 15. Qc2
Bf7 16. Rfd1 Qe6 17. Rd2 Nb6 18. Rad1 Qc8 19. Ne5 Be6 20. g4 Rd8 21. Bh2 b4 22.
axb4 cxb4 23. Nb1 Ne4 24. f4 Nxd2 25. Qxd2 Nc4 26. Bxc4 dxc4 27. Qe2 Rxd1+ 28.
Qxd1 Qc5 29. Qf3 Bd5 30. Qe2 Rd8 31. Kf1 Be4 32. Nd2 Bd3 33. Nxd3 cxd3 34. Qf3
Qc1+ 0-1

[Event "Challenge"]
[Site "http://www.queenalice.com/game.php?id=1008126"]
[Date "2011.11.14"]
[Round "-"]
[White "wvulcanis"]
[Black "johndavidtelker"]
[Result "0-1"]
[WhiteElo "1823"]
[BlackElo "1801"]

1. d4 Nf6 2. c4 g6 3. Nc3 Bg7 4. e4 d6 5. f4 O-O 6. Nf3 Nc6 7. a3 e5 8. d5 Nb8
9. b4 exf4 10. h3 Nh5 11. Nd4 Re8 12. Bd3 Qh4+ 13. Kd2 Bxd4 14. Ra2 Bxc3+ 15.
Kxc3 Nd7 16. Rf1 Ne5 17. Raf2 g5 18. Be2 Ng3 19. Re1 Nxe4+ 0-1

[Event "Challenge"]
[Site "http://www.queenalice.com/game.php?id=1009996"]
[Date "2011.11.18"]
[Round "-"]
[White "wvulcanis"]
[Black "johndavidtelker"]
[Result "0-1"]
[WhiteElo "1802"]
[BlackElo "1834"]

1. e4 e6 2. Nf3 Nf6 3. e5 Nd5 4. d4 d6 5. c4 Nb6 6. Nc3 dxe5 7. Nxe5 Be7 8. Bh6
gxh6 9. Qh5 Rf8 10. Qxh6 Qxd4 11. Qh5 Bb4 12. Rd1 Bxc3+ 13. bxc3 Qxc3+ 14. Rd2
N8d7 15. Nxd7 Bxd7 16. Be2 Bc6 17. Qg5 Nxc4 18. Bxc4 Qxc4 19. Qe3 Qe4 20. Qxe4
Bxe4 21. f3 Bd5 22. Ke2 c5 23. Rb1 Ke7 24. g4 Rfd8 25. Rbd1 c4 26. Rc2 b5 27. f4
a5 28. h4 Bf3+ 0-1

[Event "AUTO-INT-2056"]
[Site "http://www.queenalice.com/game.php?id=1012626"]
[Date "2011.11.26"]
[Round "2"]
[White "jumping"]
[Black "johndavidtelker"]
[Result "1-0"]
[WhiteElo "1771"]
[BlackElo "1883"]

1. e4 c6 2. d4 d5 3. e5 Bf5 4. Bd3 Bg6 5. Bxg6 hxg6 6. Nf3 e6 7. Nc3 Ne7 8. O-O
Nd7 9. Bg5 Qc7 10. Re1 c5 11. Nb5 1-0

[Event "The best 1700"]
[Site "http://www.queenalice.com/game.php?id=1013932"]
[Date "2011.11.30"]
[Round "5"]
[White "johndavidtelker"]
[Black "ensito"]
[Result "0-1"]
[WhiteElo "1855"]
[BlackElo "1808"]

1. d4 d5 2. Nf3 e6 3. e3 c5 4. dxc5 Bxc5 5. Be2 Ne7 6. O-O O-O 7. b3 Nd7 8. Bb2
Nf5 9. Nd4 Bxd4 10. Bxd4 Qg5 11. Bf3 Nxd4 12. Qxd4 Ne5 13. Nd2 b6 14. e4 Bb7 15.
exd5 exd5 16. Bxd5 Bxd5 17. f4 Qxg2# 0-1

[Event "Challenge"]
[Site "http://www.queenalice.com/game.php?id=1066003"]
[Date "2012.5.30"]
[Round "-"]
[White "johndavidtelker"]
[Black "wvulcanis"]
[Result "0-1"]
[WhiteElo "1829"]
[BlackElo "1640"]

1. Nf3 d5 2. g3 Nc6 3. Bg2 e5 4. d3 Nf6 5. O-O Be7 6. a3 O-O 7. b3 d4 8. e3 Bg4
9. Nbd2 dxe3 10. fxe3 Bc5 11. Qe2 Re8 12. b4 Bd6 13. Bb2 b5 14. e4 a5 15. c3
axb4 16. axb4 Qd7 17. Qe1 Bh3 18. d4 exd4 19. Nxd4 Bxg2 20. Kxg2 Nxd4 21. cxd4
Bxb4 22. Qe2 Bxd2 23. Qxd2 Nxe4 24. Qd3 Ng5 25. d5 Qh3+ 26. Kg1 Rxa1 27. Bxa1 b4
28. Qd4 Nf3+ 29. Kf2 Nxd4 0-1

[Event "AUTO-OPEN-2791"]
[Site "http://www.queenalice.com/game.php?id=1103317"]
[Date "2012.9.15"]
[Round "1"]
[White "CCapivara"]
[Black "johndavidtelker"]
[Result "1-0"]
[WhiteElo "2046"]
[BlackElo "1817"]

1. e4 e6 2. d4 d5 3. exd5 exd5 4. Nf3 Nf6 5. Bd3 Be7 6. O-O O-O 7. Bg5 Be6 8.
Nbd2 Nc6 9. Re1 Re8 10. c3 h6 11. Bh4 Qd6 12. Ne5 Nxe5 13. dxe5 Qd8 14. exf6
Bxf6 15. Bxf6 Qxf6 16. Nf3 c6 17. Qd2 Rad8 18. Nd4 Qg5 19. Qxg5 hxg5 20. Nxe6
fxe6 21. Re5 1-0

[Event "AUTO-OPEN-2791"]
[Site "http://www.queenalice.com/game.php?id=1103318"]
[Date "2012.9.15"]
[Round "1"]
[White "johndavidtelker"]
[Black "CCapivara"]
[Result "0-1"]
[WhiteElo "1780"]
[BlackElo "2021"]

1. d4 d5 2. g3 e6 3. Bg2 f5 4. f4 Nf6 5. a3 Bd6 6. Nf3 O-O 7. O-O Ne4 8. Nbd2 c5
9. Nxe4 fxe4 10. Ne1 Nd7 11. c3 Nf6 12. Be3 c4 13. h3 Bd7 14. Nc2 a5 15. Qe1 Rb8
16. g4 b5 17. g5 Ne8 18. Qg3 b4 19. axb4 axb4 20. h4 bxc3 21. bxc3 Rb2 22. Rfc1
Nc7 23. h5 Nb5 24. Bd2 Qb6 25. Rab1 Na3 26. Rxb2 Qxb2 27. Nxa3 Qxd2 0-1

[Event "AUTO-OPEN-2791"]
[Site "http://www.queenalice.com/game.php?id=1103335"]
[Date "2012.9.15"]
[Round "1"]
[White "SomaliMaster"]
[Black "johndavidtelker"]
[Result "1-0"]
[WhiteElo "1807"]
[BlackElo "1810"]

1. e4 e6 2. d4 d5 3. exd5 exd5 4. c4 c6 5. cxd5 Qxd5 6. Nc3 Qa5 7. Nf3 Nf6 8.
Bc4 Be7 9. Qe2 b5 10. Bb3 Qc7 11. O-O O-O 12. Ne4 Nxe4 13. Qxe4 Nd7 14. Bf4 Qd8
15. Qxc6 Nb6 16. Rac1 Bd7 17. Qe4 Re8 18. Bc7 Qc8 19. Bxb6 axb6 20. Rxc8 Raxc8
21. Ne5 Rcd8 22. Bxf7+ 1-0

[Event "AUTO-OPEN-2791"]
[Site "http://www.queenalice.com/game.php?id=1103336"]
[Date "2012.9.15"]
[Round "1"]
[White "johndavidtelker"]
[Black "SomaliMaster"]
[Result "0-1"]
[WhiteElo "1794"]
[BlackElo "1840"]

1. d4 Nf6 2. c4 g6 3. g3 Bg7 4. Bg2 O-O 5. Nc3 c6 6. f4 e6 7. Nf3 d5 8. Qd3 dxc4
9. Qxc4 Nbd7 10. Be3 Ng4 11. Bf2 Nxf2 12. Kxf2 Nb6 13. Qd3 Nd5 14. e4 Nb4 15.
Qe2 Bxd4+ 16. Nxd4 Qxd4+ 17. Kf3 f5 18. Rhd1 fxe4+ 19. Nxe4 Qb6 20. g4 e5 21.
Kg3 exf4+ 22. Kh3 h5 23. Bf3 Nd5 24. Rg1 Ne3 25. Rac1 Qa5 26. a3 hxg4+ 27. Bxg4
Qh5# 0-1

[Event "AUTO-ADV-2845"]
[Site "http://www.queenalice.com/game.php?id=1180281"]
[Date "2013.5.10"]
[Round "1"]
[White "johndavidtelker"]
[Black "Pinehill"]
[Result "0-1"]
[WhiteElo "1745"]
[BlackElo "1867"]

1. e4 d5 2. exd5 Qxd5 3. Nf3 Nf6 4. Nc3 Qa5 5. Bc4 Bf5 6. O-O e6 7. Re1 c6 8. d3
Nbd7 9. Be3 Bd6 10. Ne4 Qc7 11. Neg5 Nb6 12. Bxb6 axb6 13. a3 h6 14. Ne4 Bxe4
15. dxe4 O-O-O 16. Qe2 Kb8 17. e5 Be7 18. exf6 Bxf6 19. c3 b5 20. Bb3 Rd7 21. a4
b4 22. cxb4 Rhd8 23. Rac1 g5 24. h3 h5 25. b5 g4 26. hxg4 hxg4 27. Nh2 g3 28.
Nf3 Qf4 29. bxc6 bxc6 30. Rxc6 gxf2+ 31. Kxf2 Rd2 0-1

[Event "AUTO-ADV-2845"]
[Site "http://www.queenalice.com/game.php?id=1180282"]
[Date "2013.5.10"]
[Round "1"]
[White "Pinehill"]
[Black "johndavidtelker"]
[Result "1-0"]
[WhiteElo "1849"]
[BlackElo "1766"]

1. e4 c6 2. d4 d5 3. Nd2 dxe4 4. Nxe4 Nd7 5. Nf3 Ngf6 6. Ng3 g6 7. c3 Bg7 8. Bd3
O-O 9. O-O Qc7 10. Re1 Re8 11. Bg5 Nf8 12. Ne5 Ne6 13. Bxf6 Bxf6 14. Qc2 Nf4 15.
Ne4 Bg7 16. Bc4 Bxe5 17. dxe5 Qxe5 18. Rad1 Qc7 19. Nf6+ 1-0

[Event "AUTO-ADV-2845"]
[Site "http://www.queenalice.com/game.php?id=1180283"]
[Date "2013.5.10"]
[Round "1"]
[White "johndavidtelker"]
[Black "MrDJRVD"]
[Result "1-0"]
[WhiteElo "1726"]
[BlackElo "1811"]

1. e4 c5 2. Nf3 d6 3. Bc4 Nf6 4. d3 Bg4 5. O-O a6 6. Qe2 Nbd7 7. Nc3 Ne5 8. Bf4
Nxf3+ 9. gxf3 Bh5 10. Rad1 Qd7 11. e5 dxe5 12. Bxe5 Qc6 13. Kg2 g6 14. a3 Bg7
15. Rfe1 O-O 16. Bb3 e6 17. Qe3 Nd5 18. Nxd5 Qxd5 19. Bxd5 1-0

[Event "AUTO-ADV-2845"]
[Site "http://www.queenalice.com/game.php?id=1180284"]
[Date "2013.5.10"]
[Round "1"]
[White "MrDJRVD"]
[Black "johndavidtelker"]
[Result "1-0"]
[WhiteElo "1807"]
[BlackElo "1739"]

1. d4 Nf6 2. c4 g6 3. Nf3 Bg7 4. g3 d6 5. Bg2 O-O 6. O-O Nbd7 7. b3 Re8 8. Bb2
c5 9. dxc5 Nxc5 10. Nbd2 Bf5 11. e3 Qc7 12. Nd4 Be4 13. Nxe4 Rac8 14. Qc2 a6 15.
Nxc5 Qxc5 16. Bxb7 Rc7 17. Bxa6 1-0

[Event "AUTO-ADV-2845"]
[Site "http://www.queenalice.com/game.php?id=1180285"]
[Date "2013.5.10"]
[Round "1"]
[White "johndavidtelker"]
[Black "clovis"]
[Result "0-1"]
[WhiteElo "1774"]
[BlackElo "1980"]

1. e4 e5 2. Nf3 Nc6 3. Bb5 f5 4. exf5 e4 5. Bxc6 dxc6 6. Ng1 Bxf5 7. Ne2 Nf6 8.
Ng3 Bg6 9. O-O Bd6 10. Nc3 O-O 11. Re1 Qe7 12. d3 Bxg3 13. fxg3 Rad8 14. Qe2
Qc5+ 15. Be3 Qb4 16. Rab1 exd3 17. cxd3 Rxd3 18. Qf2 Ng4 19. Qe2 Rxe3 0-1

[Event "AUTO-ADV-2845"]
[Site "http://www.queenalice.com/game.php?id=1180286"]
[Date "2013.5.10"]
[Round "1"]
[White "clovis"]
[Black "johndavidtelker"]
[Result "1-0"]
[WhiteElo "1945"]
[BlackElo "1784"]

1. e4 c6 2. d4 d5 3. exd5 cxd5 4. c4 dxc4 5. Bxc4 Nc6 6. Nf3 Bg4 7. Bxf7+ Kxf7
8. Ng5+ Ke8 9. Qxg4 Nxd4 10. O-O Nc2 11. Qa4+ 1-0

[Event "OS INCLIVEIS"]
[Site "http://www.queenalice.com/game.php?id=1182470"]
[Date "2013.5.18"]
[Round "-"]
[White "adelio"]
[Black "johndavidtelker"]
[Result "1-0"]
[WhiteElo "1799"]
[BlackElo "1753"]

1. d4 Nf6 2. c4 g6 3. Nc3 Bg7 4. e4 d6 5. h3 Nc6 6. d5 Ne5 7. f4 Ned7 8. g4 Nc5
9. e5 dxe5 10. fxe5 Nfe4 11. Nf3 Nxc3 12. bxc3 b6 13. Bf4 Bb7 14. Ng5 e6 15.
Nxf7 Kxf7 16. Qc1 1-0